Laman : kenali tumbuhan hiasan anda
| Main Author: | |
|---|---|
| Format: | Book |
| Published: |
Shah Alam :
Kris Publications ,
2004
|
| Subjects: |
MARC
| LEADER | 00000cam a2200000 7i4500 | ||
|---|---|---|---|
| 001 | 0000003531 | ||
| 005 | 20060412.0 | ||
| 020 | 0 | 0 | |a 9834129645 |
| 090 | 0 | 0 | |a 712.6 |b AHM |
| 100 | 1 | 0 | |a Ahmad Nazarudin Mohd Roseli |
| 245 | 1 | 0 | |a Laman : |b kenali tumbuhan hiasan anda |c Ahmad Nazarudin Mohd Roseli |
| 260 | 0 | 0 | |a Shah Alam : |b Kris Publications , |c 2004 |
| 300 | |a 116ms. : |b il. wrn. ; |c 28cm. | ||
| 650 | 0 | 0 | |a Gardening |
| 650 | 0 | 0 | |a Landscape gardening |
| 999 | |a 0000006925 |b Monograph |c Open Shelf |e Default branch | ||